[Event "St Petersburg Botvinnik 100 op"]
[Site "St Petersburg"]
[Date "2011.08.20"]
[Round "9"]
[White "Rozum, Ivan"]
[Black "Smikovski, Ivan"]
[Result "1/2-1/2"]
[WhiteElo "2464"]
[BlackElo "2541"]
[PlyCount "138"]
[EventDate "2011.08.12"]
[EventType "swiss"]
[EventRounds "9"]
[EventCountry "RUS"]
[SourceTitle "CBM 143 Extra"]
[Source "ChessBase"]
[SourceDate "2011.08.29"]
[SourceVersion "1"]
[SourceVersionDate "2011.08.29"]
[SourceQuality "1"]

1. Nf3 Nf6 2. c4 g6 3. Nc3 d5 4. cxd5 Nxd5 5. Qc2 Bg7 6. e4 Nb4 7. Qa4+ N4c6 8. d4 Bd7 9. Bb5 0-0 10. d5 Ne5 11. Nxe5 Bxe5 12. 0-0 c6 13. dxc6 Nxc6 14. Rd1 a6 15. Bxc6 bxc6 16. Be3 Qc7 17. h3 Rab8 18. Qa3 Be6 19. Bc5 Bf6 20. Bd4 Bxd4 21. Rxd4 c5 22. Rd2 a5 23. Rad1 Rb4 24. Nd5 Bxd5 25. exd5 Rfb8 26. Qc3 a4 27. d6 exd6 28. Rxd6 Qe7 29. Qxc5 Re4 30. Qc3 Re2 31. Rd7 Qe8 32. Qa5 Ra8 33. Qxa8 Qxa8 34. Rd8+ Qxd8 35. Rxd8+ Kg7 36. Rb8 a3 37. bxa3 Rxa2 38. Ra8 h5 39. h4 Kf6 40. g3 Ra1+ 41. Kg2 Ra2 42. Kf3 Kg7 43. Ra6 Rb2 44. Ra4 Ra2 45. Ke3 Ra1 46. Ra7 Ra2 47. a4 Kf6 48. a5 Ke6 49. a6 Kf6 50. Ra8 Kf5 51. Ra7 f6 52. Ra8 Kg4 53. a7 Ra3+ 54. Ke4 f5+ 55. Ke5 Ra5+ 56. Kf6 Ra6+ 57. Kf7 Kf3 58. Rg8 Rxa7+ 59. Kxg6 Kxf2 60. Kxh5 Kf3 61. Kh6 Ra6+ 62. Kh7 Ra7+ 63. Kh8 Ra6 64. Rg5 f4 65. gxf4 Rh6+ 66. Kg7 Rxh4 67. f5 Kf4 68. Kf6 Rh6+ 69. Rg6 Rh5 1/2-1/2

[Event "Sibiria Region-chT"]
[Site "Berdsk"]
[Date "2008.12.03"]
[Round "7"]
[White "Smikovski, Ivan"]
[Black "Oganisjan, Roman"]
[Result "0-1"]
[WhiteElo "2558"]
[BlackElo "2286"]
[PlyCount "88"]
[EventDate "2008.11.28"]
[EventType "team-swiss"]
[EventRounds "7"]
[EventCountry "RUS"]
[SourceTitle "EXT 2010"]
[Source "ChessBase"]
[SourceDate "2010.11.25"]
[SourceVersion "1"]
[SourceVersionDate "2010.11.25"]
[SourceQuality "1"]

1. e4 e6 2. d4 d5 3. Nc3 Be7 4. Nf3 Nf6 5. Bd3 b6 6. 0-0 Bb7 7. e5 Nfd7 8. Ne2 c5 9. c3 Nc6 10. Be3 Qc7 11. Rc1 c4 12. Bc2 0-0-0 13. b3 f6 14. Nf4 Nf8 15. exf6 gxf6 16. Qe2 e5 17. Nh5 cxb3 18. axb3 Ng6 19. g3 Kb8 20. Ne1 Bc8 21. Ng2 Bh3 22. f4 Ba3 23. Rcd1 f5 24. fxe5 Bg4 25. Qa6 Bb2 26. Bxf5 Bxd1 27. Rxd1 Bxc3 28. Nf6 Bxd4 29. Bxd4 Nxd4 30. Rxd4 Qc5 31. Qa1 Nxe5 32. Kh1 Rhf8 33. Rf4 d4 34. Nxh7 Rh8 35. Ng5 d3 36. Ne4 d2 37. Qd1 Qc1 38. Nf2 Rhe8 39. Ne3 Nd3 40. Nxd3 Rxd3 41. Bxd3 Rxe3 42. Rf8+ Kc7 43. Rf7+ Kd6 44. Rf6+ Ke7 0-1

[Event "Sibiria Region-chT"]
[Site "Berdsk"]
[Date "2008.12.02"]
[Round "6"]
[White "Lavrov, Maxim"]
[Black "Smikovski, Ivan"]
[Result "1/2-1/2"]
[WhiteElo "2366"]
[BlackElo "2558"]
[PlyCount "71"]
[EventDate "2008.11.28"]
[EventType "team-swiss"]
[EventRounds "7"]
[EventCountry "RUS"]
[SourceTitle "EXT 2010"]
[Source "ChessBase"]
[SourceDate "2010.11.25"]
[SourceVersion "1"]
[SourceVersionDate "2010.11.25"]
[SourceQuality "1"]

1. e4 c5 2. c3 Nf6 3. e5 Nd5 4. d4 cxd4 5. Nf3 Nc6 6. Bc4 Nb6 7. Bb3 d5 8. exd6 Qxd6 9. 0-0 Be6 10. Nxd4 Nxd4 11. cxd4 Bxb3 12. Qxb3 e6 13. Nc3 Qb4 14. d5 Qxb3 15. axb3 Nxd5 16. Nxd5 exd5 17. Rd1 Be7 18. Rxd5 0-0 19. Be3 Rad8 20. Rxd8 Rxd8 21. Kf1 a6 22. Rc1 Bf6 23. Rc7 b5 24. Ra7 h5 25. Rxa6 Bxb2 26. Rb6 Rd5 27. b4 Bc3 28. Bc5 Re5 29. g3 Kh7 30. Rb7 f5 31. Kg2 Rd5 32. Kf3 Rd3+ 33. Kg2 Rd5 34. Kf3 Rd3+ 35. Ke2 Rd5 36. Kf3 1/2-1/2

[Event "Sibiria Region-chT"]
[Site "Berdsk"]
[Date "2008.12.01"]
[Round "5"]
[White "Smikovski, Ivan"]
[Black "Belozerov, Andrei"]
[Result "1/2-1/2"]
[WhiteElo "2558"]
[BlackElo "2503"]
[PlyCount "103"]
[EventDate "2008.11.28"]
[EventType "team-swiss"]
[EventRounds "7"]
[EventCountry "RUS"]
[SourceTitle "EXT 2010"]
[Source "ChessBase"]
[SourceDate "2010.11.25"]
[SourceVersion "1"]
[SourceVersionDate "2010.11.25"]
[SourceQuality "1"]

1. e4 c5 2. Nf3 Nc6 3. d4 cxd4 4. Nxd4 g6 5. c4 Bg7 6. Be3 Nf6 7. Nc3 d6 8. Be2 0-0 9. 0-0 Nxd4 10. Bxd4 Bd7 11. f3 a5 12. c5 dxc5 13. Bxc5 Rc8 14. Be3 Bc6 15. Qb3 Nd7 16. Rac1 e6 17. Nb5 Qe7 18. Na7 Rc7 19. Nxc6 bxc6 20. Rfd1 Qb4 21. Qxb4 axb4 22. Rc2 Ra8 23. Rcd2 Nf8 24. Bc4 c5 25. f4 Bf6 26. e5 Be7 27. g4 Raa7 28. h4 Nd7 29. h5 Kg7 30. Bb5 Nf8 31. h6+ Kg8 32. Bc4 Rd7 33. Kf2 Rxd2+ 34. Rxd2 Nd7 35. Kf3 g5 36. Ke4 gxf4 37. Kxf4 Nb6 38. Bb3 Ra6 39. Rd1 c4 40. Bxb6 cxb3 41. Bd8 Bf8 42. axb3 Bxh6+ 43. g5 Bf8 44. Rc1 Ra8 45. Bf6 h6 46. Kg4 hxg5 47. Kxg5 Bg7 48. Rc4 Ra2 49. Rg4 Kh7 50. Rh4+ Kg8 51. Rg4 Kh7 52. Rh4+ 1/2-1/2

[Event "Sibiria Region-chT"]
[Site "Berdsk"]
[Date "2008.11.29"]
[Round "2"]
[White "Smikovski, Ivan"]
[Black "Petrukhin, Denis"]
[Result "1-0"]
[WhiteElo "2558"]
[BlackElo "2391"]
[PlyCount "78"]
[EventDate "2008.11.28"]
[EventType "team-swiss"]
[EventRounds "7"]
[EventCountry "RUS"]
[SourceTitle "EXT 2010"]
[Source "ChessBase"]
[SourceDate "2010.11.25"]
[SourceVersion "1"]
[SourceVersionDate "2010.11.25"]
[SourceQuality "1"]

1. e4 g6 2. d4 Bg7 3. Nc3 d6 4. f4 c6 5. Nf3 d5 6. e5 h5 7. Be3 Nh6 8. h3 Nf5 9. Bf2 h4 10. Bd3 e6 11. 0-0 Bf8 12. b3 b6 13. Qe2 Bb7 14. Na4 Be7 15. Rfd1 Nd7 16. c4 Kf8 17. cxd5 cxd5 18. Rac1 Nb8 19. Rc2 Nc6 20. Rdc1 Nb4 21. Rc7 Nxd3 22. Qxd3 Bc8 23. Nb2 Qe8 24. Nd1 a5 25. a4 Ba6 26. Qc2 b5 27. Ne3 Nxe3 28. Bxe3 bxa4 29. bxa4 Kg7 30. f5 gxf5 31. Bg5 Bd8 32. Qd2 Rh5 33. Bf6+ Kg8 34. Nxh4 Bxc7 35. Rxc7 Qb8 36. Qc3 Qb1+ 37. Kh2 Qd3 38. Qc6 Rd8 39. Bxd8 Qxd4 1-0

[Event "RUS Cup final"]
[Site "Serpukhov"]
[Date "2008.11.07"]
[Round "2.1"]
[White "Amonatov, Farrukh"]
[Black "Smikovski, Ivan"]
[Result "1-0"]
[WhiteElo "2634"]
[BlackElo "2558"]
[PlyCount "71"]
[EventDate "2008.11.05"]
[EventType "k.o."]
[EventRounds "6"]
[EventCountry "RUS"]
[SourceTitle "EXT 2009"]
[Source "ChessBase"]
[SourceDate "2008.11.26"]
[SourceVersion "1"]
[SourceVersionDate "2008.11.26"]
[SourceQuality "1"]

1. e4 e6 2. d4 d5 3. Nc3 Nf6 4. Bg5 Bb4 5. e5 h6 6. Bd2 Bxc3 7. bxc3 Ne4 8. Qg4 g6 9. Bd3 Nxd2 10. Kxd2 c5 11. Nf3 Bd7 12. h4 Qe7 13. Qf4 Bc6 14. Nh2 Nd7 15. Ng4 0-0-0 16. Rab1 Rdf8 17. f3 c4 18. Be2 h5 19. Nf6 Nxf6 20. exf6 Qc7 21. Qe3 Rd8 22. f4 Rh7 23. Qe5 Rdh8 24. Bf3 Kd7 25. Rh3 Qd6 26. Rbh1 Qa3 27. g4 hxg4 28. Bxg4 Qf8 29. h5 gxh5 30. f5 Qg8 31. fxe6+ fxe6 32. Bxh5 Kc8 33. Rg3 Qf8 34. Rg7 Bd7 35. Ke2 Rh6 36. Be8 1-0

[Event "RUS-ch Higher League 61st"]
[Site "Novokuznetsk"]
[Date "2008.09.13"]
[Round "10"]
[White "Maletin, Pavel"]
[Black "Smikovski, Ivan"]
[Result "1/2-1/2"]
[WhiteElo "2545"]
[BlackElo "2554"]
[PlyCount "83"]
[EventDate "2008.09.03"]
[EventType "swiss"]
[EventRounds "11"]
[EventCountry "RUS"]
[SourceTitle "CBM 126"]
[Source "ChessBase"]
[SourceDate "2008.10.01"]
[SourceVersion "1"]
[SourceVersionDate "2008.10.01"]
[SourceQuality "1"]

1. d4 Nf6 2. c4 g6 3. Nf3 Bg7 4. g3 d5 5. cxd5 Nxd5 6. Bg2 Nb6 7. Nc3 Nc6 8. e3 0-0 9. 0-0 Re8 10. d5 Na5 11. Nd4 Bd7 12. e4 c6 13. Re1 cxd5 14. exd5 Rc8 15. Rb1 Nac4 16. b3 Nd6 17. Bb2 Rc5 18. Rc1 Nf5 19. Nce2 Qc7 20. Qd2 Nxd4 21. Nxd4 Bf6 22. Ba3 Rxc1 23. Rxc1 Qe5 24. Nc2 Nc8 25. Ne3 Nd6 26. Nc4 Nxc4 27. bxc4 b6 28. Re1 Qc7 29. Bf1 Bf5 30. d6 Qd8 31. c5 exd6 32. cxd6 Rxe1 33. Qxe1 Qd7 34. Qb4 Qd8 35. Qf4 Be6 36. Bb5 Bxa2 37. d7 Be6 38. Bd6 Bg5 39. Qa4 a6 40. Qxa6 Bxd7 41. Bxd7 Qxd7 42. Qxb6 1/2-1/2

[Event "RUS-ch Higher League 61st"]
[Site "Novokuznetsk"]
[Date "2008.09.08"]
[Round "6"]
[White "Kabanov, Nikolai"]
[Black "Smikovski, Ivan"]
[Result "1/2-1/2"]
[WhiteElo "2521"]
[BlackElo "2554"]
[PlyCount "69"]
[EventDate "2008.09.03"]
[EventType "swiss"]
[EventRounds "11"]
[EventCountry "RUS"]
[SourceTitle "CBM 126"]
[Source "ChessBase"]
[SourceDate "2008.10.01"]
[SourceVersion "1"]
[SourceVersionDate "2008.10.01"]
[SourceQuality "1"]

1. e4 e5 2. Nf3 Nc6 3. Bb5 a6 4. Ba4 Nf6 5. 0-0 Be7 6. d3 b5 7. Bb3 d6 8. a4 b4 9. c3 Rb8 10. d4 bxc3 11. bxc3 Bg4 12. Be3 0-0 13. Nbd2 d5 14. Bc2 exd4 15. cxd4 dxe4 16. Nxe4 Bxf3 17. Qxf3 Nxd4 18. Bxd4 Qxd4 19. Rad1 Qb2 20. Bd3 Rfe8 21. Nxf6+ Qxf6 22. Qxf6 Bxf6 23. Bxa6 Red8 24. Bb5 Bc3 25. g3 g6 26. Rc1 Ba5 27. Rfd1 Kg7 28. Kf1 h5 29. h4 Bb6 30. Ke2 Kf6 31. Ra1 Ba5 32. Rac1 Bb6 33. Ra1 Ba5 34. Rac1 Bb6 35. Ra1 1/2-1/2

[Event "RUS-ch Higher League 61st"]
[Site "Novokuznetsk"]
[Date "2008.09.04"]
[Round "2"]
[White "Timofeev, Artyom"]
[Black "Smikovski, Ivan"]
[Result "1-0"]
[WhiteElo "2650"]
[BlackElo "2554"]
[PlyCount "71"]
[EventDate "2008.09.03"]
[EventType "swiss"]
[EventRounds "11"]
[EventCountry "RUS"]
[SourceTitle "CBM 126"]
[Source "ChessBase"]
[SourceDate "2008.10.01"]
[SourceVersion "1"]
[SourceVersionDate "2008.10.01"]
[SourceQuality "1"]

1. d4 Nf6 2. c4 g6 3. Nc3 d5 4. Bf4 Bg7 5. e3 0-0 6. Rc1 c5 7. dxc5 Be6 8. Nf3 Nc6 9. Ng5 Bg4 10. f3 e5 11. cxd5 exf4 12. dxc6 Qe7 13. fxg4 Qxe3+ 14. Be2 Nxg4 15. Nh3 Rad8 16. Qc2 Rfe8 17. Nd1 Rxd1+ 18. Rxd1 f3 19. Rd3 f2+ 20. Kf1 bxc6 21. Qd2 Qxc5 22. g3 Bh6 23. Nf4 Qe5 24. h3 Nf6 25. Rd8 Rxd8 26. Qxd8+ Kg7 27. Qd3 Ne4 28. Kg2 Bxf4 29. gxf4 Qxf4 30. Qf3 Qg5+ 31. Qg4 Qe3 32. h4 h5 33. Qf3 Qd4 34. Rd1 Qe5 35. Qe3 Qf5 36. Bf3 1-0

[Event "Izmailov Memorial op 12th"]
[Site "Tomsk"]
[Date "2008.06.28"]
[Round "4"]
[White "Smikovski, Ivan"]
[Black "Mikhalchenko, Petr"]
[Result "1/2-1/2"]
[WhiteElo "2555"]
[BlackElo "2324"]
[PlyCount "82"]
[EventDate "2008.06.25"]
[EventType "swiss"]
[EventRounds "9"]
[EventCountry "RUS"]
[SourceTitle "CBM 125 Extra"]
[Source "ChessBase"]
[SourceDate "2008.09.01"]
[SourceVersion "1"]
[SourceVersionDate "2008.09.01"]
[SourceQuality "1"]

1. e4 e5 2. Nf3 Nc6 3. Bb5 a6 4. Ba4 d6 5. 0-0 Bd7 6. c3 Nge7 7. d4 Ng6 8. d5 Nb8 9. c4 Be7 10. Nc3 h6 11. b4 Bxa4 12. Nxa4 Nd7 13. Qc2 a5 14. a3 axb4 15. axb4 0-0 16. Be3 Nh4 17. Nxh4 Bxh4 18. f3 Bg5 19. Bf2 b6 20. Nc3 Qb8 21. Rxa8 Qxa8 22. Nb5 Qb7 23. h4 Be7 24. Ra1 Ra8 25. Rxa8+ Qxa8 26. Nxc7 Qa3 27. Qb1 Qc3 28. Qa2 Nf6 29. Nb5 Qc1+ 30. Kh2 Nh5 31. c5 bxc5 32. bxc5 Qf4+ 33. Kh3 Qc1 34. Kh2 Qf4+ 35. g3 Qxf3 36. c6 Bxh4 37. gxh4 Qf4+ 38. Kg1 Qc1+ 39. Kh2 Qf4+ 40. Kg1 Qc1+ 41. Kh2 Qf4+ 1/2-1/2

[Event "Izmailov Memorial op 12th"]
[Site "Tomsk"]
[Date "2008.06.27"]
[Round "3"]
[White "Tologontegin, Semetey"]
[Black "Smikovski, Ivan"]
[Result "1/2-1/2"]
[WhiteElo "2388"]
[BlackElo "2555"]
[PlyCount "80"]
[EventDate "2008.06.25"]
[EventType "swiss"]
[EventRounds "9"]
[EventCountry "RUS"]
[SourceTitle "CBM 125 Extra"]
[Source "ChessBase"]
[SourceDate "2008.09.01"]
[SourceVersion "1"]
[SourceVersionDate "2008.09.01"]
[SourceQuality "1"]

1. e4 c5 2. Nf3 d6 3. d4 cxd4 4. Nxd4 Nf6 5. Nc3 a6 6. Be3 e5 7. Nf3 Be7 8. Bc4 0-0 9. 0-0 Be6 10. Bb3 Nc6 11. Bg5 Nd7 12. Bxe7 Qxe7 13. Qe2 Nc5 14. Rad1 b5 15. Bd5 Qc7 16. h3 Rad8 17. a3 Ne7 18. Qe3 h6 19. Rd2 Nd7 20. Nh4 Nb6 21. b3 Bxd5 22. Nxd5 Nbxd5 23. exd5 f5 24. f4 e4 25. g4 Qc8 26. Nxf5 Nxf5 27. gxf5 Qxf5 28. c4 bxc4 29. bxc4 Rb8 30. Kh1 Rb7 31. Re2 Re8 32. Rd1 Kh8 33. Rd4 Rf7 34. Kg2 Rfe7 35. Kg3 Qh5 36. Kh2 Qh4 37. Kg2 Qh5 38. Kh2 Kh7 39. Re1 Kg8 40. Re2 Kh8 1/2-1/2

[Event "Sibiria Region-ch"]
[Site "Novokuznetsk"]
[Date "2008.03.17"]
[Round "5"]
[White "Smikovski, Ivan"]
[Black "Dzhumagaliev, Yan"]
[Result "1-0"]
[WhiteElo "2555"]
[BlackElo "2232"]
[PlyCount "75"]
[EventDate "2008.03.13"]
[EventType "swiss"]
[EventRounds "9"]
[EventCountry "RUS"]
[SourceTitle "CBM 123 Extra"]
[Source "ChessBase"]
[SourceDate "2008.05.06"]
[SourceVersion "1"]
[SourceVersionDate "2008.05.06"]
[SourceQuality "1"]

1. e4 c5 2. Nf3 e6 3. d4 cxd4 4. Nxd4 Nc6 5. Nc3 Qc7 6. Be2 a6 7. 0-0 Nf6 8. Kh1 Be7 9. f4 d6 10. a4 0-0 11. Be3 Re8 12. Bg1 Nxd4 13. Qxd4 e5 14. Qd3 exf4 15. Rxf4 Be6 16. Raf1 Nd7 17. Nd5 Bxd5 18. Qxd5 Ne5 19. Rxf7 Nxf7 20. Rxf7 Kh8 21. Bd4 Rg8 22. Bc4 Qd7 23. h3 Raf8 24. b3 Qe8 25. Qh5 b5 26. axb5 axb5 27. Be6 Rxf7 28. Bxf7 Qf8 29. Kh2 Bd8 30. Qd5 Bh4 31. g3 Be7 32. h4 Qc8 33. Bxg8 Qxg8 34. Qxb5 Qc8 35. c4 h6 36. Qf5 Qa8 37. Qg6 Qa2+ 38. Kh3 1-0

[Event "Voronezh op-A 11th"]
[Site "Voronezh"]
[Date "2007.06.19"]
[Round "7"]
[White "Smikovski, Ivan"]
[Black "Gasanov, Eldar"]
[Result "1/2-1/2"]
[WhiteElo "2552"]
[BlackElo "2486"]
[PlyCount "82"]
[EventDate "2007.06.12"]
[EventType "swiss"]
[EventRounds "9"]
[EventCountry "RUS"]
[SourceTitle "CBM 118 Extra"]
[Source "ChessBase"]
[SourceDate "2007.07.04"]
[SourceVersion "1"]
[SourceVersionDate "2007.07.04"]
[SourceQuality "1"]

1. e4 e5 2. Nf3 Nc6 3. Bb5 a6 4. Ba4 Nf6 5. 0-0 Be7 6. Re1 b5 7. Bb3 d6 8. c3 0-0 9. h3 Nb8 10. d4 Nbd7 11. Nbd2 Bb7 12. Bc2 Re8 13. Nf1 Bf8 14. Ng3 g6 15. b3 exd4 16. cxd4 c5 17. d5 Bg7 18. Rb1 a5 19. Bf4 Nb6 20. Bd3 Ba6 21. Qc2 Rc8 22. Nd2 Nfxd5 23. exd5 Nxd5 24. Rxe8+ Qxe8 25. Nh5 gxh5 26. Bxh7+ Kh8 27. Bxd6 Rc6 28. Ne4 Nb4 29. Qd1 Kxh7 30. Qxh5+ Kg8 31. Re1 Qd7 32. Qg5 Rxd6 33. Nxd6 Qxd6 34. Re8+ Kh7 35. Qh5+ Qh6 36. Qxf7 Nd5 37. Re6 Nf6 38. Rxa6 Qc1+ 39. Kh2 Qf4+ 40. Kg1 Qc1+ 41. Kh2 Qf4+ 1/2-1/2

[Event "Voronezh op-A 11th"]
[Site "Voronezh"]
[Date "2007.06.15"]
[Round "4"]
[White "Burmakin, Vladimir"]
[Black "Smikovski, Ivan"]
[Result "1-0"]
[WhiteElo "2593"]
[BlackElo "2552"]
[PlyCount "131"]
[EventDate "2007.06.12"]
[EventType "swiss"]
[EventRounds "9"]
[EventCountry "RUS"]
[SourceTitle "CBM 118 Extra"]
[Source "ChessBase"]
[SourceDate "2007.07.04"]
[SourceVersion "1"]
[SourceVersionDate "2007.07.04"]
[SourceQuality "1"]

1. d4 Nf6 2. Nf3 g6 3. c4 Bg7 4. Nc3 d5 5. e3 0-0 6. Qb3 e6 7. Bd2 b6 8. Be2 Bb7 9. 0-0 Nbd7 10. cxd5 exd5 11. Rfd1 Re8 12. Be1 c6 13. Qc2 Bf8 14. Rab1 a5 15. Bd3 Rc8 16. a3 Bd6 17. b4 axb4 18. axb4 Qe7 19. Na4 Ne4 20. Nd2 Bc7 21. Nxe4 dxe4 22. Be2 Nf6 23. Qb3 Red8 24. b5 cxb5 25. Nc3 Nd5 26. Nxb5 Bb8 27. Rdc1 h5 28. Nc3 Qd6 29. g3 Nxc3 30. Bxc3 Bc7 31. Bc4 Bd5 32. Bxd5 Qxd5 33. Qxd5 Rxd5 34. Bb4 Rd7 35. Ra1 Rcd8 36. Rc6 Bd6 37. Rxb6 Bxb4 38. Rxb4 Rc8 39. h3 Kg7 40. Rb5 Re7 41. g4 hxg4 42. hxg4 Rc6 43. g5 f6 44. gxf6+ Rxf6 45. Rab1 Ref7 46. R1b2 Rf5 47. Rb6 Kh6 48. Re6 Rg5+ 49. Kf1 Rg4 50. Rc2 Rf5 51. Rd2 Kg7 52. Rc2 Kh6 53. Rec6 Ra5 54. R6c5 Ra6 55. Rc1 Rh4 56. R5c2 Rf6 57. Rc8 Rg4 58. Rh8+ Kg7 59. Rh2 Ra6 60. Rg2 Rh4 61. Kg1 Rf6 62. Rc7+ Kh6 63. Re7 Rf5 64. Re6 Rg5 65. Rg3 Kh5 66. Re8 1-0

[Event "Voronezh op-A 11th"]
[Site "Voronezh"]
[Date "2007.06.14"]
[Round "3"]
[White "Smikovski, Ivan"]
[Black "Mihajlovskij, Sergei"]
[Result "1-0"]
[WhiteElo "2552"]
[BlackElo "2492"]
[PlyCount "85"]
[EventDate "2007.06.12"]
[EventType "swiss"]
[EventRounds "9"]
[EventCountry "RUS"]
[SourceTitle "CBM 118 Extra"]
[Source "ChessBase"]
[SourceDate "2007.07.04"]
[SourceVersion "1"]
[SourceVersionDate "2007.07.04"]
[SourceQuality "1"]

1. e4 e6 2. d4 d5 3. Nc3 Bb4 4. e5 Qd7 5. a3 Bxc3+ 6. bxc3 b6 7. Qg4 f5 8. Qg3 Ba6 9. Bxa6 Nxa6 10. Ne2 Nb8 11. Nf4 Kf7 12. Qg5 Ne7 13. Qh5+ Kg8 14. h4 Nbc6 15. Rh3 Na5 16. Rg3 Ng6 17. Nxg6 hxg6 18. Qxg6 Rxh4 19. Bh6 Re4+ 20. Kf1 Rg4 21. Rxg4 fxg4 22. Qxg4 Kh7 23. Bf4 Rh8 24. Rd1 Kg8 25. Kg1 Nc4 26. Bc1 Qf7 27. Rd3 Qf5 28. Qxf5 exf5 29. Rf3 g6 30. g4 fxg4 31. Rf6 Kg7 32. Rc6 Rc8 33. Kg2 Na5 34. Re6 Kf7 35. Rf6+ Kg7 36. Kg3 c5 37. Rd6 cxd4 38. Rd7+ Kg8 39. cxd4 Rxc2 40. Bg5 Nc6 41. Rxd5 Rc3+ 42. Kxg4 Rxa3 43. e6 1-0

[Event "Voronezh op-A 11th"]
[Site "Voronezh"]
[Date "2007.06.12"]
[Round "1"]
[White "Smikovski, Ivan"]
[Black "Savosto, Petr"]
[Result "1-0"]
[WhiteElo "2552"]
[BlackElo "2314"]
[PlyCount "78"]
[EventDate "2007.06.12"]
[EventType "swiss"]
[EventRounds "9"]
[EventCountry "RUS"]
[SourceTitle "CBM 118 Extra"]
[Source "ChessBase"]
[SourceDate "2007.07.04"]
[SourceVersion "1"]
[SourceVersionDate "2007.07.04"]
[SourceQuality "1"]

1. e4 e6 2. d4 d5 3. Nc3 Nf6 4. Bg5 Be7 5. e5 Nfd7 6. Bxe7 Qxe7 7. f4 a6 8. Nf3 c5 9. dxc5 Nxc5 10. Bd3 Nc6 11. 0-0 Nxd3 12. cxd3 0-0 13. Qd2 Bd7 14. Rae1 Rac8 15. Kh1 f5 16. exf6 Qxf6 17. g3 h6 18. Kg2 Be8 19. Ne5 Rc7 20. h3 b5 21. a3 Qd8 22. Kh2 Qc8 23. Nxc6 Rxc6 24. Qf2 a5 25. Qd4 b4 26. axb4 axb4 27. Qxb4 Qa6 28. Qd4 Bg6 29. Rf3 Kh7 30. g4 Rb8 31. Re2 Qa1 32. f5 Bf7 33. fxe6 Bxe6 34. Rff2 Rcb6 35. Qe5 Bg8 36. g5 Qa7 37. gxh6 Rxh6 38. Nxd5 Bxd5 39. Qxd5 Qc7+ 1-0

[Event "Pardubice op-A"]
[Site "Pardubice"]
[Date "2006.07.27"]
[Round "7"]
[White "Solovjov, Sergey"]
[Black "Smikovski, Ivan"]
[Result "0-1"]
[WhiteElo "2434"]
[BlackElo "2543"]
[PlyCount "56"]
[EventDate "2006.07.21"]
[EventType "swiss"]
[EventRounds "9"]
[EventCountry "CZE"]
[SourceTitle "CBM 113 Extra"]
[Source "ChessBase"]
[SourceDate "2006.09.14"]
[SourceVersion "1"]
[SourceVersionDate "2006.09.14"]
[SourceQuality "1"]

1. e4 c5 2. Nf3 d6 3. d4 cxd4 4. Nxd4 Nf6 5. Nc3 a6 6. Be3 e5 7. Nb3 Be6 8. f3 Be7 9. Qd2 0-0 10. 0-0-0 Nbd7 11. g4 Qc7 12. h4 Rfc8 13. h5 d5 14. g5 d4 15. Bxd4 Bxb3 16. Be3 Be6 17. gxf6 Nxf6 18. Qg2 Qa5 19. Bh6 g6 20. hxg6 fxg6 21. Bd2 Bxa2 22. Nxa2 Qxa2 23. Bc3 Bb4 24. Bxb4 Qa1+ 25. Kd2 Qxb2 26. Bd3 Qxb4+ 27. Ke2 Rc7 28. Rb1 Qd6 0-1

[Event "Pardubice op-A"]
[Site "Pardubice"]
[Date "2006.07.21"]
[Round "1"]
[White "Brodowski, Piotr"]
[Black "Smikovski, Ivan"]
[Result "0-1"]
[WhiteElo "2320"]
[BlackElo "2543"]
[PlyCount "94"]
[EventDate "2006.07.21"]
[EventType "swiss"]
[EventRounds "9"]
[EventCountry "CZE"]
[SourceTitle "CBM 113 Extra"]
[Source "ChessBase"]
[SourceDate "2006.09.14"]
[SourceVersion "1"]
[SourceVersionDate "2006.09.14"]
[SourceQuality "1"]

1. Nf3 Nf6 2. d4 g6 3. g3 Bg7 4. Bg2 0-0 5. 0-0 d5 6. c4 dxc4 7. Na3 c3 8. bxc3 c5 9. Bf4 Nd5 10. Bd2 cxd4 11. Nxd4 e5 12. Nb3 Nc6 13. c4 Nde7 14. Be3 Nd4 15. Nxd4 exd4 16. Bf4 a6 17. Nc2 Nc6 18. Rb1 Qa5 19. Bd6 Rd8 20. c5 Qxa2 21. Rb6 Qc4 22. Qd2 a5 23. Rc1 Re8 24. e3 dxe3 25. fxe3 Qa4 26. Bd5 Ne7 27. Bxe7 Rxe7 28. c6 Rb8 29. cxb7 Rbxb7 30. Bxb7 Bxb7 31. Qd8+ Re8 32. Qc7 Be4 33. Rb8 Rxb8 34. Qxb8+ Bf8 35. Qb2 Ba8 36. Nd4 Qe8 37. Kf2 Qe4 38. Qb8 Kg7 39. Rc4 Bb4 40. Rxb4 axb4 41. Qxb4 Qg2+ 42. Ke1 Qg1+ 43. Kd2 Qxh2+ 44. Kd3 Qxg3 45. Qa5 Bg2 46. Qa1 Kg8 47. Qc1 Qe5 0-1

[Event "RUS-chT2 13th"]
[Site "Sochi"]
[Date "2006.04.27"]
[Round "8"]
[White "Smikovski, Ivan"]
[Black "Vorobiov, Evgeny E"]
[Result "1/2-1/2"]
[WhiteElo "2549"]
[BlackElo "2540"]
[PlyCount "50"]
[EventDate "2006.04.20"]
[EventType "team"]
[EventRounds "11"]
[EventCountry "RUS"]
[SourceTitle "EXT 2007"]
[Source "ChessBase"]
[SourceDate "2006.11.23"]
[SourceVersion "1"]
[SourceVersionDate "2006.11.23"]
[SourceQuality "1"]

1. e4 c5 2. Nf3 d6 3. d4 cxd4 4. Nxd4 Nf6 5. Nc3 a6 6. Be2 e6 7. 0-0 Be7 8. f4 0-0 9. a4 Nc6 10. Be3 Qc7 11. Kh1 Re8 12. Bg1 Bd7 13. Nb3 b6 14. Bf3 Nb4 15. Qe2 Bc6 16. Nd1 Bb7 17. c3 Nc6 18. Ne3 Nd7 19. Rfd1 Bf8 20. h3 Rac8 21. Bh2 Na5 22. Nd2 Nc6 23. Ndc4 Na5 24. Nd2 Nc6 25. Ndc4 Na5 1/2-1/2

[Event "RUS-chT2 13th"]
[Site "Sochi"]
[Date "2006.04.23"]
[Round "4"]
[White "Pokazanjev, Nikolai"]
[Black "Smikovski, Ivan"]
[Result "1/2-1/2"]
[WhiteElo "2479"]
[BlackElo "2549"]
[PlyCount "146"]
[EventDate "2006.04.20"]
[EventType "team"]
[EventRounds "11"]
[EventCountry "RUS"]
[SourceTitle "EXT 2007"]
[Source "ChessBase"]
[SourceDate "2006.11.23"]
[SourceVersion "1"]
[SourceVersionDate "2006.11.23"]
[SourceQuality "1"]

1. e4 e5 2. Nf3 Nc6 3. Bb5 a6 4. Ba4 Nf6 5. 0-0 Be7 6. Re1 b5 7. Bb3 0-0 8. h3 Bb7 9. d3 d6 10. a3 Na5 11. Ba2 c5 12. Nbd2 Nc6 13. Nf1 Bc8 14. Ne3 Be6 15. Bd5 Bd7 16. Bb3 Nd4 17. Ba2 Be6 18. c3 Nxf3+ 19. Qxf3 Qd7 20. Bd2 Kh8 21. d4 Bxa2 22. Rxa2 g6 23. a4 Kg7 24. Rea1 cxd4 25. cxd4 exd4 26. Nc2 Qe6 27. Nxd4 Qxe4 28. Nc6 b4 29. Nxe7 Qxe7 30. Re1 Qd7 31. Bxb4 Rfe8 32. Rxe8 Rxe8 33. Bc3 Qf5 34. Qxf5 gxf5 35. Ra3 Kg6 36. Rb3 Nd5 37. Bd2 Kf6 38. Kf1 Re4 39. a5 Rc4 40. Rb8 Ke6 41. Ke2 Nf4+ 42. Kf3 Nd3 43. Rb6 Rc2 44. Be3 Ne5+ 45. Kg3 Nc4 46. Rxa6 Nxe3 47. fxe3 Rxb2 48. Ra8 Ra2 49. a6 Kf6 50. Kf3 h6 51. Kg3 Kg6 52. a7 Kg7 53. Kf4 Rf2+ 54. Kg3 Ra2 55. Kh2 Ra1 56. g3 Ra2+ 57. Kg1 Kh7 58. Kf1 Kg7 59. Ke1 Kh7 60. Kd1 Kg7 61. Kc1 Kf6 62. Kb1 Ra4 63. Kb2 Ke7 64. Kb3 Ra1 65. Kc4 Ra4+ 66. Kd5 Ra1 67. h4 Rd1+ 68. Kc4 Ra1 69. h5 Ra3 70. Kb4 Ra1 71. Kc3 Ra2 72. Kd3 Kf6 73. Kc3 Ke7 1/2-1/2